| 000 | 00582nam a2200181 i 4500 | ||
|---|---|---|---|
| 001 | 139802 | ||
| 003 | ES-MaACL | ||
| 005 | 20250818173559.0 | ||
| 007 | t| | ||
| 008 | 070214s1930 gw r ||||1| ger d | ||
| 100 | 1 |
_aSchneider, Reinhold. _9104574 |
|
| 245 | 1 | 0 |
_aDas Leiden des Camoes oder Untergang und Vollendung der portugiesischew Macht / _cReinhold Schneider. |
| 260 |
_aHelleran : _bJakob Hegner, _c1930. |
||
| 300 |
_a242 p. ; _c22 cm. |
||
| 600 | 1 | 4 |
_aCamões, Luís de, _d1524?-1580 _9181622 |
| 852 |
_aES-MaACL _jA-5188 _bR.18123 |
||
| 999 |
_c139802 _d139802 |
||